000 00783nam a2200217 i 4500
001 128536
003 ES-MaACL
005 20250902111732.0
007 t|
008 070517s1968 sp ||||1| spa d
080 _a86 Tamayo y Baus, Manuel 1.06
100 1 _aTamayo y Baus, Manuel.
_9109165
245 1 0 _aUn aspecto desconocido de Tamayo y Baus
_b: su obra lírica /
_cManuel Tamayo y Baus, Ramón Esquer Torres.
260 _aCastellón de la Plana :
_bSociedad castellonense de cultura,
_c1968.
300 _a80 p. ;
_c21 cm.
600 1 4 _aTamayo y Baus, Manuel-
_xCrítica e interpretación.
_9109166
700 1 _aEsquer Torres, Ramón.
_947961
710 2 _aSociedad Castellonense de Cultura
_96649
852 _aES-MaACL
_jC-33766
_bR.64658
999 _c128536
_d128536